000 00415nam a2200157Ia 4500
005 20250403100831.0
008 231217s9999 xx 000 0 und d
020 _a9788131401620
082 _a658.11 ThA;1 R
100 _aThakar, Bharti ed.
245 0 _aM and A : strategies management issues
260 _c2006
_bIcfai
_aHyderabad
300 _avii, 183
650 _aM,strategies,management
942 _cAA
999 _c190847
_d190847